| 000 | 00932nam a2200277 a 4500 | ||
|---|---|---|---|
| 008 | |||
| 020 | _a0851431518 (pbk.) | ||
| 049 | _aMAIN | ||
| 090 | _aREF LB2339.C66 | ||
| 110 | 2 | _aAssociation of Commonwealth Universities | |
| 245 | 1 | 0 |
_aAwards for university teachers and research workers : _b1996-98 / _cedited by Moira Hunter |
| 250 | _a12th ed. | ||
| 260 |
_aLondon : _bAssociation of Commonwealth Universities, _c1996. |
||
| 300 |
_axii, 352 p. ; _c21 cm |
||
| 490 | _aACU Awards. | ||
| 500 | _aIncludes bibliographical references. | ||
| 500 | _aIncludes index. | ||
| 500 | _aFormerly entitled 'Grants for study visits by university administrators and librarians' | ||
| 650 | 2 | _aResearch Support. | |
| 700 | 1 | _aHunter, Moira | |
| 907 |
_a.b10224439 _b18-01-07 _c18-01-07 |
||
| 003 | |||
| 005 | 20230120191422.0 | ||
| 040 | _cNUST | ||
| 942 |
_cBOOKS _kREF LB2339.C66 |
||
| 999 |
_c100794 _d100794 |
||